000
00294nam a22001337a 4500
020
_a
9780809255189
041
_a
eng
080
_a
51
090
_b
MIT
100
_a
Mitchell, Robert.
245
_a
Number Power 3: The Real World of Adult Math; Algebra.
650
_a
Science
999
_c
279628
_d
279628
942
_c
BK